Top 5 European League Top Scorers: 2008/09 - Statistics

General Stats
  • This quiz has been taken 13 times
  • The average score is 16 of 26
Answer Stats
League Goals Club Nationality Player % Correct
Premier League 18 Manchester United Portugal Cristiano Ronaldo
100%
La Liga 28 Valencia Spain David Villa
100%
La Liga 32 Atletico Madrid Uruguay Diego Forlan
100%
La Liga 22 Real Madrid Argentina Gonzalo Higuain
100%
La Liga 23 Bracelona Argentina Lionel Messi
100%
La Liga 30 Barcelona Cameroon Samuel Eto'o
100%
Serie A 25 Inter Sweden Zlatan Ibrahimovic
100%
Bundesliga 26 Wolfsburg Bosnia and Herzegovina Edin Dzeko
92%
Premier League 14 Liverpool Spain Fernando Torres
92%
Premier League 14 Manchester City Brazil Robinho
92%
Premier League 16 Liverpool England Steven Gerrard
92%
Premier League 19 Chelsea France Nicolas Anelka
83%
Bundesliga 24 Stuttgart Germany Mario Gomez
75%
Serie A 16 Milan Brazil Kaka
67%
Bundesliga 28 Wolfsburg Brazil Grafite
58%
Ligue 1 17 Lyon France Karim Benzema
58%
Serie A 24 Genoa Argentina Diego Milito
50%
Ligue 1 24 Toulouse France Andre-Pierre Gignac
33%
Bundesliga 18 Hoffenheim Bosnia and Herzegovina Vedad Ibisevic
33%
Serie A 19 Fiorentina Italy Alberto Gilardino
17%
Serie A 24 Bologna Italy Marco Di Vaio
17%
Bundesliga 21 Bayer Leverkusen Germany Patrick Helmes
17%
Ligue 1 17 PSG France Guillaume Hoarau
0%
Ligue 1 14 Auxerre Poland Ireneusz Jelen
0%
Ligue 1 14 Lille Brazil Michel Bastos
0%
Ligue 1 14 Caen France Steve Savidan
0%
No matching quizzes found
Score Distribution
Percent of People with Each Score
Percentile by Number Answered
Your Score History
You have not taken this quiz